000 01024nmc a2200373 a 4500
003 AR-BaBNM
005 20251128204935.0
008 286019s1988 ||||||||||||||000 | spa||
020 _a968-16-2850-0
040 _cAR-BaBNM
100 1 _aThom, Gary B.
245 1 0 _aLa naturaleza humana del malestar social
250 _a1ª ed.
260 _aMéxico, D.F.
_bFondo de Cultura Económica
_c1988
300 0 _a302 p.
490 0 _aSección de obras de sociología
600 1 4 _aMarx, Karl
_d1818-1883
600 1 4 _aFreud, Sigmund
_d1856-1939
600 1 4 _aDurkheim, Emile
_d1858-1917
650 4 _aMARXISMO
650 4 _aSOCIOLOGIA CULTURAL
650 4 _aCIENCIAS SOCIALES
650 4 _aSOCIOLOGIA POLITICA
650 4 _aPSICOLOGIA SOCIAL
650 4 _aPSICOANALISIS
650 4 _aMATERIALISMO
650 4 _aALIENACION [SOCIOLOGIA]
650 4 _aVIDA SOCIAL
650 4 _aINCONSCIENTE
650 4 _aLIBERALISMO
700 1 _aGuerrero Tapia, Eduardo
_etraductor
942 _cBK
998 _cMARTIN
999 _c9420
_d9420